<?xml version="1.0" encoding="UTF-8"?><?xml-stylesheet type="text/xsl" href="static/style.xsl"?><OAI-PMH xmlns="http://www.openarchives.org/OAI/2.0/" xmlns:xsi="http://www.w3.org/2001/XMLSchema-instance" xsi:schemaLocation="http://www.openarchives.org/OAI/2.0/ http://www.openarchives.org/OAI/2.0/OAI-PMH.xsd"><responseDate>2026-04-13T02:27:32Z</responseDate><request verb="GetRecord" identifier="oai:www.recercat.cat:20.500.12328/2909" metadataPrefix="marc">https://recercat.cat/oai/request</request><GetRecord><record><header><identifier>oai:recercat.cat:20.500.12328/2909</identifier><datestamp>2025-05-20T00:02:43Z</datestamp><setSpec>com_2072_67741</setSpec><setSpec>col_2072_484352</setSpec></header><metadata><record xmlns="http://www.loc.gov/MARC21/slim" xmlns:dcterms="http://purl.org/dc/terms/" xmlns:xsi="http://www.w3.org/2001/XMLSchema-instance" xmlns:doc="http://www.lyncode.com/xoai" xsi:schemaLocation="http://www.loc.gov/MARC21/slim http://www.loc.gov/standards/marcxml/schema/MARC21slim.xsd">
   <leader>00925njm 22002777a 4500</leader>
   <datafield ind2=" " ind1=" " tag="042">
      <subfield code="a">dc</subfield>
   </datafield>
   <datafield ind2=" " ind1=" " tag="720">
      <subfield code="a">Olaya Escobar, Erika Sofía</subfield>
      <subfield code="e">author</subfield>
   </datafield>
   <datafield ind2=" " ind1=" " tag="720">
      <subfield code="a">Berbegal-Mirabent, Jasmina</subfield>
      <subfield code="e">author</subfield>
   </datafield>
   <datafield ind2=" " ind1=" " tag="720">
      <subfield code="a">Duarte, Oscar Germán</subfield>
      <subfield code="e">author</subfield>
   </datafield>
   <datafield ind2=" " ind1=" " tag="260">
      <subfield code="c">2021</subfield>
   </datafield>
   <datafield ind2=" " ind1=" " tag="520">
      <subfield code="a">Este artículo investiga los factores que influyen en los investigadores a la hora de participar en contratos de colaboración en I+D entre universidad e industria, tomando como caso concreto el de la Universidad Nacional de Colombia. Estos contratos permiten a los estudiantes trabajar en proyectos reales en los que un grupo de académicos altamente calificados confrontan la  teoría  y  la  práctica  para  generar  soluciones  para  el  sector  empresarial,  lo  que  enriquece  las  prácticas académicas tradicionales. Para este estudio se utiliza un instrumento validado que distingue cinco dimensiones: actitud hacia las actividades de KTT (transferencia de conocimiento y  tecnología),  expectativa  de  contribución,  incentivos  de  promoción,  cultura  y  regulación universitaria y apoyo a los servicios de KTT. La muestra está compuesta por 184 profesores. La relevancia de cada factor para explicar la participación de investigadores en contratos de I+D (período 2010-2015) se investiga mediante un modelo de ecuaciones estructurales. Los resultados revelan que la cultura y un marco normativo favorable para las actividades de KTT sí importan, mientras que los servicios de apoyo parecen afectar negativamente. Las motivaciones, ya sean intrínsecas o extrínsecas, no tienen un efecto significativo.</subfield>
   </datafield>
   <datafield ind2=" " ind1=" " tag="520">
      <subfield code="a">This article investigates the factors that shape researchers’ willingness to engage in university-industry R&amp;D contracts. The case of the Universidad Nacional de Colombia is examined. These contracts allow students to work in real-life projects, in which a group of highly qualified academics confront theory and practice to generate solutions for the business sector, thus enriching traditional academic practices. The instrument used in this study consists of five dimensions: attitude towards KTT (knowledge and technology transfer) activities, expectation of contribution, promotion incentives, university culture and regulation, and supporting KTT services. The sample comprises 184 professors. The relevance of each factor related with the participation of researchers in R&amp;D contracts (period 2010-2015) is identified through a structural equation model. The key findings emphasize the role played by culture and a favourable normative framework for KTT activities, while support services seem to negatively affect researchers' engagement in R&amp;D contracts. Intrinsic and extrinsic motivations do not have a significant effect on the participation in R&amp;D contracts.</subfield>
   </datafield>
   <datafield ind1="8" ind2=" " tag="024">
      <subfield code="a">Olaya-Escobar, Erika Sofía; Berbegal-Mirabent, Jasmina; Duarte-Velasco, Oscar Germán [et al.]. Factores que impulsan a los investigadores a participaren contratos de investigación y desarrollo. Tec Empresarial, 2021, 15(3), p. 18-36. Disponible: &lt;https://revistas.tec.ac.cr/index.php/tec_empresarial/article/view/5761>. Fecha de acceso: 4 nov. 2021. DOI: 10.18845/te.v15i3.5761</subfield>
   </datafield>
   <datafield ind1="8" ind2=" " tag="024">
      <subfield code="a">1659-3359</subfield>
   </datafield>
   <datafield ind1="8" ind2=" " tag="024">
      <subfield code="a">http://hdl.handle.net/20.500.12328/2909</subfield>
   </datafield>
   <datafield ind1="8" ind2=" " tag="024">
      <subfield code="a">https://dx.doi.org/10.18845/te.v15i3.5761</subfield>
   </datafield>
   <datafield tag="653" ind2=" " ind1=" ">
      <subfield code="a">Contractes d'R+D</subfield>
   </datafield>
   <datafield tag="653" ind2=" " ind1=" ">
      <subfield code="a">Equació estructural</subfield>
   </datafield>
   <datafield tag="653" ind2=" " ind1=" ">
      <subfield code="a">Motivacions</subfield>
   </datafield>
   <datafield tag="653" ind2=" " ind1=" ">
      <subfield code="a">Societat del coneixement</subfield>
   </datafield>
   <datafield tag="653" ind2=" " ind1=" ">
      <subfield code="a">Transferència de coneixement</subfield>
   </datafield>
   <datafield tag="653" ind2=" " ind1=" ">
      <subfield code="a">Transferència de tecnologia</subfield>
   </datafield>
   <datafield tag="653" ind2=" " ind1=" ">
      <subfield code="a">Contratos de I + D</subfield>
   </datafield>
   <datafield tag="653" ind2=" " ind1=" ">
      <subfield code="a">Ecuación estructural</subfield>
   </datafield>
   <datafield tag="653" ind2=" " ind1=" ">
      <subfield code="a">Motivaciones</subfield>
   </datafield>
   <datafield tag="653" ind2=" " ind1=" ">
      <subfield code="a">Sociedad del conocimiento</subfield>
   </datafield>
   <datafield tag="653" ind2=" " ind1=" ">
      <subfield code="a">Transferencia de conocimiento</subfield>
   </datafield>
   <datafield tag="653" ind2=" " ind1=" ">
      <subfield code="a">Transferencia de tecnología</subfield>
   </datafield>
   <datafield tag="653" ind2=" " ind1=" ">
      <subfield code="a">R&amp;D contracts</subfield>
   </datafield>
   <datafield tag="653" ind2=" " ind1=" ">
      <subfield code="a">Structural equation</subfield>
   </datafield>
   <datafield tag="653" ind2=" " ind1=" ">
      <subfield code="a">Motivations</subfield>
   </datafield>
   <datafield tag="653" ind2=" " ind1=" ">
      <subfield code="a">Knowledge-based society</subfield>
   </datafield>
   <datafield tag="653" ind2=" " ind1=" ">
      <subfield code="a">Knowledge transfer</subfield>
   </datafield>
   <datafield tag="653" ind2=" " ind1=" ">
      <subfield code="a">Technology transfer</subfield>
   </datafield>
   <datafield ind2="0" ind1="0" tag="245">
      <subfield code="a">Factores que impulsan a los investigadores a participar en contratos de investigación y desarrollo</subfield>
   </datafield>
</record></metadata></record></GetRecord></OAI-PMH>